000 00585nam a2200193Ia 4500
005 20250923145052.0
008 008 250917s9999 xx 000 0 eng d
037 _aTextual
040 _aDSWL
_beng
_cDSWL
041 _aeng
_2eng
084 _aY133:7:7p1., N59
_qDSWL
245 0 _aReport of the seminar on - Hyderabad, 24-30 Dec. 1959
_cby Indian Conference of Social Work
260 _b42 Quens Barracks Foreore Rd.
_c1959
300 _a90p.
365 _aINR
_b7.00
925 _g7.00
942 _cTEXL
_hY133:7:7p1., N59
999 _c1446714
_d1446714